000 00311nam a2200121Ia 4500
008 180117s9999 xx 000 0 und d
100 _aby Ana Valenzuela
245 _aWriting a Novel in a Month
260 _c2017
300 _a8-10 pages, 2017 November 12
440 _aPhilippine Panorama
650 _aNOVEL
999 _c353294
_d353294